La invención de Costa Rica y otras invenciones /
Gespeichert in:
| 1. Verfasser: | |
|---|---|
| Format: | Buch |
| Sprache: | Spanish |
| Veröffentlicht: |
Costa Rica :
Editorial Costa Rica,
[2003]
|
| Schlagworte: | |
| Tags: |
Tag hinzufügen
Keine Tags, Fügen Sie den ersten Tag hinzu!
|
MARC
| LEADER | 00000cam a2200000 a 4500 | ||
|---|---|---|---|
| 001 | 5012715 | ||
| 005 | 20170512090105.0 | ||
| 008 | 040309s2003 cr 000 0 spa | ||
| 020 | |a 997723759X | ||
| 040 | |a DLC |c DLC |d CRU CIICLA-UCR | ||
| 082 | 0 | 0 | |a CR864.4 |2 22 |b C8289-i |
| 100 | 1 | |a Cortés Zúñiga, Carlos |d 1962- | |
| 245 | 1 | 3 | |a La invención de Costa Rica y otras invenciones / |c Carlos Cortés. |
| 260 | |a Costa Rica : |b Editorial Costa Rica, |c [2003] | ||
| 300 | |a 183 páginas | ||
| 650 | 7 | |9 76 |a LITERATURA COSTARRICENSE |v ENSAYOS, CONFERENCIAS, ETC | |
| 942 | |2 ddc |c BK | ||
| 999 | |c 4202 |d 4202 | ||



